000 00835nam a2200277 i 4500
001 93568
003 ES-MaACL
005 20250720041556.0
007 t|
008 050414s1986 sp ||||1| spa d
017 _aM-4547-1986
020 _a8486280168
040 _cES-MaACL
100 _aLopezarias, Germán
_9184305
_eaut
245 1 3 _aEl Madrid del ¡No pasarán! /
_cGermán Lopezarias
250 _a1ª ed.
260 _aMadrid :
_bAvapiés,
_c1986.
300 _a164 p., 1 h. de lám. ;
_c20 cm
490 1 _aColección Avapiés ;
_v17
651 4 _98964
_aMadrid-
_xHistoria-
_y1936-1939
830 0 0 _aAvapiés
_v17
_9178596
852 _aES-MaACL
_jL-10099
_bR.111759
_cDEPO2
_xEncuadernación rústica con solapas
942 _cMONOGRAFIA
_n0
999 _c93568
_d93568